[Event "Paris-ch"]
[Site "Paris"]
[Date "2006.07.12"]
[Round "2"]
[White "Hoarau, David"]
[Black "Giroux, Fabrice"]
[Result "0-1"]
[WhiteElo "2070"]
[BlackElo "2204"]
[PlyCount "38"]
[EventDate "2006.07.08"]
[EventType "swiss"]
[EventRounds "9"]
[EventCountry "FRA"]
[SourceTitle "EXT 2007"]
[Source "ChessBase"]
[SourceDate "2006.11.23"]
[SourceVersion "1"]
[SourceVersionDate "2006.11.23"]
[SourceQuality "1"]

1. d4 Nf6 2. Bg5 d5 3. Bxf6 gxf6 4. g3 c6 5. Nf3 Qb6 6. b3 Bg4 7. Bg2 Nd7 8. 0-0 e6 9. c4 Bxf3 10. c5 Bxe2 11. Qxe2 Qb4 12. Rd1 Bg7 13. Nd2 0-0 14. Nf3 b6 15. Qa6 Rfd8 16. a3 Qxb3 17. Rab1 Qc4 18. Qxc4 dxc4 19. Nd2 c3 0-1